[Event "Nassau-ch"]
[Site "Nassau"]
[Date "2009.11.23"]
[Round "6"]
[White "Shanbhag, Arun N"]
[Black "Kan, Andrew"]
[Result "0-1"]
[WhiteElo "1806"]
[BlackElo "1755"]
[PlyCount "50"]
[EventDate "2009.10.19"]
[EventType "swiss"]
[EventRounds "10"]
[EventCountry "USA"]
[SourceTitle "EXT 2011"]
[Source "ChessBase"]
[SourceDate "2010.11.26"]
[SourceVersion "1"]
[SourceVersionDate "2010.11.26"]
[SourceQuality "1"]

1. d4 Nf6 2. c4 g6 3. Nc3 d5 4. Nf3 Bg7 5. e3 0-0 6. Bd3 b6 7. 0-0 Ba6 8. cxd5 Bxd3 9. Qxd3 Nxd5 10. Nxd5 Qxd5 11. e4 Qb7 12. Be3 Nd7 13. Rac1 Rac8 14. Bd2 Rfd8 15. Qe2 c5 16. dxc5 Nxc5 17. Rfe1 Nd3 18. Rxc8 Qxc8 19. Rd1 Nxb2 20. Rc1 Qe6 21. e5 Nd3 22. Rc2 Nxe5 23. Ng5 Qf5 24. Bc1 h6 25. Ne4 Qxe4 0-1

[Event "Nassau-ch"]
[Site "Nassau"]
[Date "2009.11.16"]
[Round "5"]
[White "Kan, Andrew"]
[Black "Jarva, Eugene Edward"]
[Result "1-0"]
[WhiteElo "1755"]
[BlackElo "1758"]
[PlyCount "115"]
[EventDate "2009.10.19"]
[EventType "swiss"]
[EventRounds "10"]
[EventCountry "USA"]
[SourceTitle "EXT 2011"]
[Source "ChessBase"]
[SourceDate "2010.11.26"]
[SourceVersion "1"]
[SourceVersionDate "2010.11.26"]
[SourceQuality "1"]

1. Nc3 g6 2. e4 Bg7 3. d4 d6 4. Be3 Nf6 5. Qd2 0-0 6. f3 a5 7. h4 h5 8. 0-0-0 c6 9. Bh6 Qc7 10. Nh3 e5 11. Bxg7 Kxg7 12. Nf2 Nbd7 13. dxe5 dxe5 14. Qe1 Nc5 15. Nd3 Nxd3+ 16. Rxd3 b5 17. Kb1 Be6 18. Rd2 a4 19. Qg3 b4 20. Nd1 Qa5 21. Qf2 Nd7 22. Ne3 Nb6 23. Bd3 Bxa2+ 24. Kxa2 b3+ 25. Kb1 a3 26. cxb3 axb2 27. Rxb2 Qa1+ 28. Kc2 Qxh1 29. Nf1 Nd7 30. Be2 Ra1 31. Rb1 Rfa8 32. Rxa1 Rxa1 33. Kb2 Ra8 34. Bc4 Rd8 35. Be2 f6 36. g4 g5 37. Ng3 Qh3 38. Bf1 Nc5 39. Qxc5 Rd2+ 40. Kc3 Qxg3 41. Kxd2 Qxf3 42. Qe7+ Kg6 43. gxh5+ Qxh5 44. Qe8+ Kh6 45. Qxh5+ Kxh5 46. hxg5 fxg5 47. b4 Kh4 48. Kd3 Kg4 49. Kc4 Kf4 50. Kc5 g4 51. Kxc6 Kf3 52. b5 Kf2 53. b6 Kxf1 54. b7 g3 55. b8Q g2 56. Qf8+ Ke2 57. Qg7 Kf2 58. Qxg2+ 1-0

[Event "Nassau-ch"]
[Site "Nassau"]
[Date "2009.11.02"]
[Round "3"]
[White "Tavares, Jarrod M"]
[Black "Kan, Andrew"]
[Result "1-0"]
[WhiteElo "1829"]
[BlackElo "1755"]
[PlyCount "65"]
[EventDate "2009.10.19"]
[EventType "swiss"]
[EventRounds "10"]
[EventCountry "USA"]
[SourceTitle "EXT 2011"]
[Source "ChessBase"]
[SourceDate "2010.11.26"]
[SourceVersion "1"]
[SourceVersionDate "2010.11.26"]
[SourceQuality "1"]

1. e4 c5 2. Nc3 Nc6 3. f4 e6 4. Nf3 a6 5. Be2 Qc7 6. d3 d6 7. 0-0 Be7 8. Be3 Nf6 9. Bf2 b5 10. Nd2 0-0 11. Bf3 Bb7 12. Bg3 Nd4 13. Be2 Nxe2+ 14. Qxe2 Qd7 15. f5 Bd8 16. Nd1 Bb6 17. Ne3 e5 18. Bh4 Ne8 19. f6 Bd8 20. fxg7 Nxg7 21. Bxd8 Raxd8 22. Nf5 Nxf5 23. Rxf5 Bc8 24. Qg4+ Kh8 25. Qh4 Qe6 26. Raf1 Qg6 27. Rg5 Qe6 28. Rh5 Qg6 29. Rf6 Qg7 30. Rfh6 Qg4 31. Rxh7+ Kg8 32. Rh8+ Kg7 33. R5h7+ 1-0

[Event "Nassau-ch"]
[Site "Nassau"]
[Date "2009.10.19"]
[Round "1"]
[White "Tamarkin, Larry S"]
[Black "Kan, Andrew"]
[Result "1/2-1/2"]
[WhiteElo "2007"]
[BlackElo "1755"]
[PlyCount "114"]
[EventDate "2009.10.19"]
[EventType "swiss"]
[EventRounds "10"]
[EventCountry "USA"]
[SourceTitle "EXT 2011"]
[Source "ChessBase"]
[SourceDate "2010.11.26"]
[SourceVersion "1"]
[SourceVersionDate "2010.11.26"]
[SourceQuality "1"]

1. e4 c5 2. Nf3 d6 3. d4 cxd4 4. Nxd4 Nf6 5. Nc3 Nc6 6. Bg5 e6 7. Qd2 a6 8. 0-0-0 Bd7 9. f4 Be7 10. Kb1 b5 11. Nxc6 Bxc6 12. e5 dxe5 13. Qe1 Qc7 14. fxe5 Nd5 15. Bxe7 Nxe7 16. Ne4 Bxe4 17. Qxe4 Qc6 18. Qg4 0-0 19. Bd3 Qc5 20. Qe4 Ng6 21. Rde1 Rad8 22. h4 Rd4 23. Qe3 Rd5 24. Bxg6 Qxe3 25. Bxh7+ Kxh7 26. Rxe3 Rfd8 27. a3 Rd1+ 28. Rxd1 Rxd1+ 29. Ka2 Rd2 30. Rc3 Kg6 31. g3 Kf5 32. Rf3+ Kg6 33. h5+ Kxh5 34. Rxf7 Rxc2 35. Rxg7 Rc5 36. Ra7 Rxe5 37. Rxa6 Kg4 38. Kb3 Kxg3 39. Kb4 Kf4 40. Rb6 Re2 41. b3 e5 42. Kxb5 e4 43. Rf6+ Ke5 44. Rf8 Ra2 45. a4 e3 46. Re8+ Kd4 47. b4 e2 48. a5 Kc3 49. a6 Kd2 50. Kb6 e1Q 51. Rxe1 Kxe1 52. b5 Kd2 53. Kb7 Kc3 54. b6 Kb4 55. a7 Kb5 56. a8Q Rxa8 57. Kxa8 Kxb6 1/2-1/2

[Event "Nassau CC-ch"]
[Site "Mineola"]
[Date "2008.12.15"]
[Round "9"]
[White "Parascandolo, Andrew"]
[Black "Kan, Andrew"]
[Result "1/2-1/2"]
[WhiteElo "1960"]
[BlackElo "1543"]
[PlyCount "155"]
[EventDate "2008.10.20"]
[EventType "swiss"]
[EventRounds "10"]
[EventCountry "USA"]
[SourceTitle "EXT 2010"]
[Source "ChessBase"]
[SourceDate "2010.11.25"]
[SourceVersion "1"]
[SourceVersionDate "2010.11.25"]
[SourceQuality "1"]

1. d4 d5 2. c4 Bf5 3. e3 e6 4. Qb3 b6 5. Nc3 c6 6. Nf3 Nd7 7. Be2 Bd6 8. h3 h6 9. 0-0 Ne7 10. Re1 0-0 11. Bf1 Rc8 12. Bd2 Bb8 13. Rac1 Qc7 14. g3 Nf6 15. Bg2 Qd8 16. Rcd1 Ne8 17. e4 dxe4 18. Nxe4 Nd6 19. Nxd6 Qxd6 20. Bb4 Qd8 21. Qa3 Re8 22. Ne5 Bxe5 23. dxe5 Qc7 24. Bd6 Qb7 25. b4 b5 26. cxb5 Qxb5 27. Bf1 Qb6 28. Bc5 Qc7 29. Bd6 Qb6 30. Qe3 Nd5 31. Qd4 Ra8 32. a3 Bc2 33. Rd2 Bg6 34. Rc1 Rec8 35. Bc5 Qb7 36. Rb2 Rd8 37. Bd6 a6 38. Qc4 Rdc8 39. Qd4 Qb6 40. Qc5 Be4 41. Be2 Qxc5 42. bxc5 Nc7 43. a4 a5 44. Rb6 Nd5 45. f3 Bg6 46. Rb7 Nb4 47. Kf2 Bf5 48. g4 Nd3+ 49. Bxd3 Bxd3 50. Ke3 Ba6 51. Re7 Re8 52. Rxe8+ Rxe8 53. Rb1 Rc8 54. Kd4 Be2 55. Ke3 Bc4 56. h4 Ra8 57. g5 Kh7 58. Rb7 Kg8 59. Rb6 Bd5 60. Rb2 hxg5 61. hxg5 Kh7 62. Rb7 Kg6 63. Rb8 Rxb8 64. Bxb8 Kxg5 65. Bc7 Bb3 66. Bxa5 Bxa4 67. f4+ Kf5 68. Bd2 f6 69. exf6 gxf6 70. Ba5 e5 71. fxe5 fxe5 72. Bc7 Ke6 73. Bd6 Kd5 74. Bf8 e4 75. Bd6 Bc2 76. Bf8 Ke6 77. Bd6 Kd5 78. Bf8 1/2-1/2